Statistics for Every Pokémon Game

Click here to take the quiz!

General Stats

  • This quiz has been taken 188 times
    (50 since last reset)
  • The average score is 52 of 88

Answer Stats

CategoryGame% Correct
Pokémon Blue
100%
Pokémon FireRed
100%
MobilePokémon GO
100%
Pokémon Gold
100%
Pokémon Green
100%
Pokémon Platinum
100%
Main SeriesPokémon Red
100%
Pokémon Silver
100%
Pokémon Diamond
97%
Pokémon Emerald
97%
Pokémon LeafGreen
97%
Pokémon Moon
97%
Pokémon Pearl
97%
Pokémon Ruby
97%
Pokémon Sapphire
97%
Pokémon Sun
97%
Pokémon X
97%
Pokemon Y
97%
Pokémon Yellow
97%
Pokémon Alpha Sapphire
93%
Pokémon Black
93%
Pokémon Brilliant Diamond
93%
Pokémon Omega Ruby
93%
Pokemon Scarlet
93%
Pokémon SoulSilver
93%
Pokemon Violet
93%
Pokémon White
93%
Pokémon HeartGold
90%
Pokémon Let's Go Eevee
90%
Pokémon Let's Go Pikachu
90%
Pokémon Shining Pearl
90%
Pokémon Ultra Moon
90%
Pokémon Ultra Sun
90%
Pokémon Black 2
87%
Pokémon Legends: Arceus
87%
Pokémon Shield
87%
Pokémon Sword
87%
Pokémon White 2
87%
Pokémon Crystal
80%
Pokémon Snap
77%
Pokémon Snap
77%
Pokémon Colosseum
60%
Pokémon Mystery Dungeon: Red Rescue Team
60%
Console SeriesPokémon Stadium
60%
Pokémon XD: Gale of Darkness
60%
Pokémon Mystery Dungeon: Blue Rescue Team
57%
Pokémon Pinball
57%
Pokémon Ranger
57%
Handheld SeriesPokémon Trading Card Game
57%
Pokémon Stadium 2
53%
Pokémon Rumble
43%
PokéPark: Pikachu's Adventure
43%
Pokémon Ranger: Shadows of Almia
40%
Hey You, Pikachu!
37%
Pokémon Quest
37%
PokéPark 2: Wonder's Beyond
37%
Pokkén Tournament
37%
Magikarp Jump
33%
Pokémon Conquest
33%
Pokémon Mystery Dungeon: Explorers of the Sky
33%
Pokémon Mystery Dungeon: Explorers of Time
33%
Pokémon Pinball Ruby and Sapphire
33%
Great Detective Pikachu
30%
Pokémon Masters
30%
Pokémon Mystery Dungeon: Explorers of Darkness
30%
Pokkén Tournament DX
27%
Pokémon Battle Revolution
23%
Pokémon Box: Ruby and Sapphire
23%
Pokémon Picross
23%
Pokémon Trozei
23%
Pokémon Channel
20%
Pokémon Super Mystery Dungeon
20%
My Pokémon Ranch
17%
Pokémon Dash
17%
Pokémon Mystery Dungeon: Gates to Infinity
17%
Pokémon Puzzle Challenge
17%
Pokémon Rumble U
17%
Pokémon Mystery Dungeon: Rescue Team DX
13%
Pokémon Puzzle League
13%
Pokémon Rumble Blast
13%
Pokémon Rumble World
13%
Pokémon Shuffle
13%
Pokémon Art Academy
10%
Pokémon Café Mix
10%
Pokémon Duel
10%
Pokémon Ranger: Guardian Signs
10%
Pokémon Battle Trozei
7%
Pokémon Typing Adventure
3%

Score Distribution

Percentile by Number Answered

Percent of People with Each Score

Your Score History

You have not taken this quiz since the last reset